British Brands Logo - Statistics

General Stats
  • This quiz has been taken 66 times
  • The average score is 18 of 24
Answer Stats
Picture Answer % Correct
BBC
97%
Skittles
97%
Twix
95%
Jaguar
93%
Land Rover
90%
BP
88%
Virgin
88%
Lipton
86%
Aston Martin
83%
Tesco
83%
Cadbury
81%
Rolls Royce
81%
Mini
80%
Vauxhall
73%
Orange
71%
Vodafone
71%
Aquafresh
69%
Ariel
68%
Hoover
64%
Beefeater
51%
Lotus
49%
McLaren
49%
Reebok
44%
KPMG
20%
No matching quizzes found
Score Distribution
Percent of People with Each Score
Percentile by Number Answered
Your Score History
You have not taken this quiz